| 000 | 00688cam8a220020500 4500 | ||
|---|---|---|---|
| 001 | tmp15915408 | ||
| 003 | UPRA | ||
| 005 | 20190830094206.0 | ||
| 008 | 951110s1970 xx eng u | ||
| 035 | _a(Sirsi) r45605 | ||
| 035 | _a(UPRA)tmp15915408 | ||
| 040 | _cUPRA | ||
| 100 | 1 |
_aStanley, J. A. _6A3358.1 |
|
| 245 | 1 | 0 |
_aElectronics for the beginner / _cwith a specially written chapter for the guidance of the English reader by W. Oliver. |
| 260 |
_bSlough, Bucks, W. Foulsham, _c[1970] |
||
| 650 | 0 |
_aElectronics -- Amateurs' manuals. _xElectronics -- Amateurs' manuals. _6S2435.1 |
|
| 949 |
_aTK9556 _wlcc _i-56990 _mMAIN _tBOOK _lON-SHELF |
||
| 004 | 45605 | ||
| 987 | _aWITHDRAWN | ||
| 999 |
_c180388 _d180388 |
||